An introduction to statistical learning : with applications in R /

Մատենագիտական մանրամասներ
Հիմնական հեղինակներ: James, Gareth (Հեղինակ), Witten, Daniela (Հեղինակ), Hastie, Trevor (Հեղինակ), Tibshirani, Robert (Հեղինակ)
Ձևաչափ: Գիրք
Լեզու:English
Հրապարակվել է: New York : Springer, [2013]
Շարք:Springer texts in statistics ; 103.
Խորագրեր:
Classic Catalogue: View this record in Classic Catalogue
LEADER 03865nam a22005777i 4500
001 44911
003 BD-DhAAL
005 20251012135729.0
008 251012t20132013nyua 001 0 eng d
010 |a  2013936251 
020 |a 9781071614204 
020 |a 9781071614181 
020 |a 9781461471370 
020 |a 1461471370 
020 |z 9781461471387 (eBook) 
020 |z 1461471389 (eBook) 
035 |a 17673262 
035 |a (OCoLC)828488009 
040 |a BTCTA  |b eng  |c BTCTA  |d YDXCP  |d OHX  |e rda  |d VTU  |d IQU  |d CDX  |d SINIE  |d DLC  |d 44911 
042 |a lccopycat 
050 0 0 |a QA276  |b .I585 2013 
072 7 |a QA  |2 lcco 
082 0 4 |a 519.5  |2 23 
245 0 3 |a An introduction to statistical learning :  |b with applications in R /  |c Gareth James... [et al.]. 
246 3 0 |a Statistical learning 
264 1 |a New York :  |b Springer,  |c [2013] 
264 4 |c ©2013 
300 |a xvi, 426 pages :  |b illustrations (some color) ;  |c 24 cm. 
490 1 |a Springer texts in statistics,  |x 1431-875X ;  |v 103 
500 |a Includes index. 
526 |a CSE  |x Annajiat Alim Rasel Senior Lecturer Department of Computer Science & Engineering Course Name and No.: Advanced Syntactic Pattern Recognition (CSE713)  
541 |a Hye Trade International  |e 44911, 44912, 44913, 44914, 44915 
650 0 |a Mathematical statistics. 
650 0 |a Mathematical models. 
650 0 |a Mathematical statistics  |v Problems, exercises, etc.  |9 59577 
650 0 |a Mathematical models  |v Problems, exercises, etc.  |9 59578 
650 0 |a R (Computer program language).  |9 27769 
650 0 |a Statistics. 
650 0 |a Computer science. 
700 1 |a James, Gareth,  |e author.  |9 59579 
700 1 |a Witten, Daniela,  |e author.  |9 59580 
700 1 |a Hastie, Trevor,  |e author.  |9 21596 
700 1 |a Tibshirani, Robert,  |e author.  |9 21604 
830 0 |a Springer texts in statistics ;  |v 103.  |9 59581 
942 |2 ddc  |c BK 
999 |c 47444  |d 47444 
952 |0 0  |1 0  |2 ddc  |4 0  |6 519_500000000000000_INT  |7 0  |9 78326  |a BRACUL  |b BRACUL  |c GEN  |d 2025-10-08  |e General Stacks  |g 5010.00  |l 1  |o 519.5 INT  |p 3010044915  |r 2025-10-29  |s 2025-10-21  |t 5  |v 10020.00  |w 2025-10-08  |y BK  |x Requisitioned by Annajiat Alim Rasel (Senior Lecturer Department of Computer Science & Engineering For the course named- Advanced Syntactic Pattern Recognition ‘’ (CSE713)’’ 
952 |0 0  |1 0  |2 ddc  |4 0  |6 519_500000000000000_INT  |7 0  |9 78327  |a BRACUL  |b BRACUL  |c GEN  |d 2025-10-08  |e Hye Trade International  |g 5010.00  |l 0  |o 519.5 INT  |p 3010044913  |r 2025-10-08  |t 3  |v 10020.00  |w 2025-10-08  |y BK  |x Requisitioned by Annajiat Alim Rasel (Senior Lecturer Department of Computer Science & Engineering For the course named- Advanced Syntactic Pattern Recognition ‘’ (CSE713)’’ 
952 |0 0  |1 0  |2 ddc  |4 0  |6 519_500000000000000_INT  |7 0  |9 78328  |a BRACUL  |b BRACUL  |c GEN  |d 2025-10-08  |e Hye Trade International  |g 5010.00  |l 1  |m 26  |o 519.5 INT  |p 3010044914  |q 2026-06-02  |r 2025-10-30  |s 2025-10-30  |t 4  |v 10020.00  |w 2025-10-08  |y BK  |x Requisitioned by Annajiat Alim Rasel (Senior Lecturer Department of Computer Science & Engineering For the course named- Advanced Syntactic Pattern Recognition ‘’ (CSE713)’’ 
952 |0 0  |1 0  |2 ddc  |4 0  |6 519_500000000000000_INT  |7 0  |9 78329  |a BRACUL  |b BRACUL  |c NEW  |d 2025-10-08  |e Hye Trade International  |g 5010.00  |l 2  |m 4  |o 519.5 INT  |p 3010044912  |q 2026-08-10  |r 2026-04-12  |s 2026-04-12  |t 2  |v 10020.00  |w 2025-10-08  |y BK  |x Requisitioned by Annajiat Alim Rasel (Senior Lecturer Department of Computer Science & Engineering For the course named- Advanced Syntactic Pattern Recognition ‘’ (CSE713)’’ 
952 |0 0  |1 0  |2 ddc  |4 0  |6 519_500000000000000_INT  |7 0  |9 78330  |a BRACUL  |b BRACUL  |c CIR  |d 2025-10-08  |e Hye Trade International  |g 5010.00  |l 0  |o 519.5 INT  |p 3010044911  |r 2025-10-08  |t 1  |v 10020.00  |w 2025-10-08  |y 1HOUR  |x Requisitioned by Annajiat Alim Rasel (Senior Lecturer Department of Computer Science & Engineering For the course named- Advanced Syntactic Pattern Recognition ‘’ (CSE713)’’